[Event "GER CM06-C email"]
[Site "GER email"]
[Date "2019.06.19"]
[Round "?"]
[White "Lunek, Ferry A"]
[Black "Achatz, Michael"]
[Result "1/2-1/2"]
[WhiteElo "2364"]
[BlackElo "2352"]
[PlyCount "56"]
[EventDate "2019.??.??"]
[EventType "tourn (corr)"]
[EventRounds "13"]
[EventCountry "GER"]
[SourceTitle "Corr 2024"]
[Source "ChessBase"]
[SourceDate "2023.10.19"]
[SourceVersion "1"]
[SourceVersionDate "2023.10.19"]
[SourceQuality "1"]

1. e4 e5 2. Nf3 Nf6 3. Nxe5 d6 4. Nf3 Nxe4 5. Nc3 Nxc3 6. dxc3 Be7 7. Be3 0-0 8. Qd2 Nd7 9. 0-0-0 Re8 10. Bd3 Nf6 11. Rhe1 Bg4 12. c4 g6 13. Kb1 Bf8 14. Bg5 Rxe1 15. Rxe1 Bxf3 16. gxf3 Bg7 17. a3 Qd7 18. f4 Re8 19. f5 d5 20. Rxe8+ Nxe8 21. fxg6 hxg6 22. Qe1 dxc4 23. Bxc4 Nd6 24. Bd3 Qg4 25. Qe3 Qg1+ 26. Ka2 Qg2 27. Bf4 Qd5+ 28. Kb1 Qh1+ 1/2-1/2

[Event "SUI-ch HT1 118th"]
[Site "Lenzerheide"]
[Date "2018.07.12"]
[Round "1"]
[White "Achatz, Michael"]
[Black "Giesinger, Elias"]
[Result "0-1"]
[WhiteElo "1920"]
[BlackElo "2128"]
[PlyCount "96"]
[EventDate "2018.07.12"]
[EventType "swiss"]
[EventRounds "9"]
[EventCountry "SUI"]
[SourceTitle "EXT 2019"]
[Source "ChessBase"]
[SourceDate "2018.10.10"]
[SourceVersion "1"]
[SourceVersionDate "2018.10.10"]
[SourceQuality "1"]

1. d4 Nf6 2. Nf3 e6 3. e3 b6 4. Bd3 Bb7 5. Nbd2 Be7 6. 0-0 0-0 7. b3 c5 8. Bb2 cxd4 9. exd4 Nc6 10. a3 Rc8 11. Rc1 h6 12. Re1 Re8 13. b4 Bf8 14. c4 a5 15. b5 Nb8 16. Qe2 d5 17. Ne5 Nbd7 18. f4 dxc4 19. Ndxc4 Nd5 20. Qf2 Nxe5 21. Nxe5 Qf6 22. f5 Rxc1 23. Rxc1 Bd6 24. fxe6 Qxf2+ 25. Kxf2 Rxe6 26. g3 Re7 27. Nc4 Bb8 28. Rc2 h5 29. Re2 Bc7 30. Rxe7 Nxe7 31. Ne3 Nd5 32. Nxd5 Bxd5 33. Bc1 Bd6 34. Be2 g6 35. Bf3 Bc4 36. Be2 Bb3 37. Bf3 Kf8 38. Bc6 Ke7 39. Ke3 Ke6 40. Bb2 a4 41. Kd3 Bd5 42. Be8 h4 43. gxh4 Bxh2 44. Bc1 Bg3 45. h5 gxh5 46. Bg5 h4 47. Bc6 h3 48. Bd8 h2 0-1

[Event "Bamberg op 1st"]
[Site "Bamberg"]
[Date "2018.05.12"]
[Round "6"]
[White "Tong, Kevin"]
[Black "Achatz, Michael"]
[Result "1-0"]
[WhiteElo "2158"]
[BlackElo "1858"]
[PlyCount "89"]
[EventDate "2018.05.09"]
[EventType "swiss"]
[EventRounds "7"]
[EventCountry "GER"]
[SourceTitle "CBM 184 Extra"]
[Source "ChessBase"]
[SourceDate "2018.06.28"]
[SourceVersion "1"]
[SourceVersionDate "2018.06.28"]
[SourceQuality "1"]

1. e4 e5 2. Nf3 Nf6 3. Nxe5 d6 4. Nf3 Nxe4 5. Nc3 Nxc3 6. dxc3 Be7 7. Bf4 Nc6 8. Qd2 Be6 9. Ng5 Bf5 10. 0-0-0 h6 11. Nf3 Qd7 12. h3 0-0-0 13. Bb5 g5 14. Be3 a6 15. Ba4 b5 16. Bb3 Be6 17. Bd5 Ne5 18. b3 Kb8 19. Qd4 c5 20. Nxe5 dxe5 21. Qxe5+ Bd6 22. Bxe6 Qxe6 23. Qxe6 fxe6 24. Rd2 Kc7 25. Kd1 Kc6 26. Ke2 Be5 27. Rxd8 Rxd8 28. Bd2 Kd5 29. h4 Rg8 30. hxg5 hxg5 31. Rh5 Ke4 32. Bxg5 Rh8 33. Rxh8 Bxh8 34. Bd2 c4 35. g4 Bg7 36. f3+ Kd5 37. Kf2 e5 38. Kg3 Ke6 39. Kh4 Kf7 40. Kg5 Ke6 41. Kg6 Bf8 42. g5 Be7 43. Kh7 Bf8 44. g6 Kf6 45. Bh6 1-0